Yeni belediye il özel idaresi mevzuatı (Kayıt no. 2090)
[ düz görünüm ]
| 000 -BAŞLIK | |
|---|---|
| Sabit Uzunlukta Kontrol Alanı | 00925na a2200289 4500 |
| 001 - KONTROL NUMARASI | |
| Denetim Alanı | 16864 |
| 003 - KONTROL NUMARASI IDENTIFIER | |
| Denetim Alanı | MIRAKIL |
| 005 - SON İŞLEM TARİHİ VE ZAMANI | |
| Denetim Alanı | 20181213154845.0 |
| 008 - SABİT-BOY VERİ ELEMANLARI - GENEL BİLGİLER | |
| Sabit Uzunlukta Kontrol Alanı | 161015b tu 000 0 |
| 020 ## - ULUSLARARASI STANDART KİTAP NUMARASI | |
| Uluslararası Standart Kitap Numarası | 9786055757250 |
| 035 ## - SİSTEM KONTROL NUMARASI | |
| Sistem Kontrol Numarası | 16864 |
| 040 ## - KATALOGLAMA KAYNAK | |
| Orijinal Kataloglama Ajansı | Milas |
| Kataloglama Dili | tur |
| Metne Dönüştürmek Ajansı | TR-AnCHP |
| 041 ## - DİL KODU | |
| Metin / Ses Parça Veya Ayrı Başlığın Dil Kodu | tur |
| 082 ## - DEWEY ONLU SINIFLANDIRMA NUMARASI | |
| Sınıflandırma Numarası | 342.090263 |
| Ürün Numarası | B23y 2009 |
| 090 ## - SINIFLAMA NUMARASI | |
| Sınıflama Numarası | 342.090263 B23y 2009 |
| 100 ## - ANA GİRİŞ - KİŞİSEL İSİM | |
| Kişisel Ad | Bağ, Cemal |
| Bir Adıyla İlişkilendirilen Tarihler | 1947- |
| 245 ## - BAŞLIK TABLOSU | |
| Başlık | Yeni belediye il özel idaresi mevzuatı |
| Başlığın Kalan | 539 soru ve yanıt, tam metin |
| Sorumluluk Tablosu, Vb | Cemal Bağ |
| 246 ## - UNVAN FORM VARYING | |
| Başlık Doğru / Kısa Başlığı | 539 soru ve yanıt, tam metin |
| 250 ## - EDITION TABLOSU | |
| Baskı Beyanı | gnşl. 7. bs. |
| 260 ## - YAYIN, DAĞITIM, VB | |
| Yayın, Dağıtım, Vb Yeri | İzmir |
| Yayıncı, Dağıtıcı, Vs Adı | Etki Yayınları |
| Yayın, Dağıtım, Vb Tarihi | 2009 |
| 300 ## - FİZİKSEL TANIM | |
| Kapsam | 310 s. |
| Boyutlar | 20 sm. |
| 490 ## - SERİSİ TABLOSU | |
| Seri Beyanı | Etki yayınları |
| Hacim / Ardışık Tanımı | 358 |
| 500 ## - GENEL NOT | |
| Genel Not | Eser adı başında: En son değişiklikler ile |
| 650 ## - KONU KATMA GİRİŞ - TOPİKAL DÖNEM | |
| Topikal Süreli Veya Coğrafi Ad Giriş Elemanı | Yerel yönetimler |
| Genel Alt Bölümü | Belediyeler |
| Kronolojik Alt Bölümü | Türkiye |
| Coğrafi Alt Bölümü | Hukuk ve mevzuat |
| 650 ## - KONU KATMA GİRİŞ - TOPİKAL DÖNEM | |
| Topikal Süreli Veya Coğrafi Ad Giriş Elemanı | İdare hukuku |
| Genel Alt Bölümü | Yerel yönetimler |
| Kronolojik Alt Bölümü | Türkiye |
| Coğrafi Alt Bölümü | Hukuk ve mevzuat |
| 942 ## - EKLENDİ GİRİŞ ELEMANLARI (KOHA) | |
| Sınıflandırma Veya Raf Düzeni Kaynak | Dewey Decimal Classification |
| Koha Öğesi Türü | Kitaplar |
| 999 ## - SİSTEM KONTROL NUMARALARI (KOHA) | |
| Koha Biblionumber | 2090 |
| Koha Biblioitemnumber | 2090 |
| Kalıcı Konum | Mevcut Konum | Edinme Tarihi | Edinim Kaynak | Toplam Check-Out'Lar | Tam Çağrı Numarası | Barkod | Tarih Son Görülme | İtibaren Geçerli Fiyatlar | Koha Öğesi Türü | Kopya Sayısı |
|---|---|---|---|---|---|---|---|---|---|---|
| CHP Kütüphanesi | CHP Kütüphanesi | 10/15/2016 | Bağış | 342.090263 B23y 2009 | 005358 | 10/15/2016 | 10/15/2016 | Kitaplar | ||
| CHP Kütüphanesi | CHP Kütüphanesi | 10/15/2016 | Bağış | 342.090263 B23y 2009 | 005359 | 10/15/2016 | 10/15/2016 | Kitaplar | k.2 | |
| CHP Kütüphanesi | CHP Kütüphanesi | 10/15/2016 | Bağış | 342.090263 B23y 2009 | 005360 | 10/15/2016 | 10/15/2016 | Kitaplar | k.3 |
